[Event "Quarantennale op-B"]
[Site "Cirie"]
[Date "2013.05.01"]
[Round "6"]
[White "Casarin, Renato"]
[Black "Pane, Gabriele"]
[Result "0-1"]
[WhiteElo "1698"]
[BlackElo "1631"]
[PlyCount "120"]
[EventDate "2013.04.27"]
[EventType "swiss"]
[EventRounds "6"]
[EventCountry "ITA"]
[SourceTitle "EXT 2024"]
[Source "ChessBase"]
[SourceDate "2023.10.10"]
[SourceVersion "1"]
[SourceVersionDate "2023.10.10"]
[SourceQuality "1"]

1. d4 e6 2. c4 Nf6 3. Nc3 Bb4 4. e3 c5 5. Qb3 Nc6 6. Bd3 b6 7. a3 Bxc3+ 8. Qxc3 d6 9. Nf3 Qe7 10. 0-0 0-0 11. e4 cxd4 12. Nxd4 Ne5 13. Bg5 Nxd3 14. Qxd3 Bb7 15. Rfe1 Rfd8 16. Rad1 h6 17. Bxf6 Qxf6 18. Qf3 Qxf3 19. Nxf3 Rac8 20. Rc1 Rc7 21. Nd2 Rdc8 22. b3 b5 23. Rc3 d5 24. exd5 exd5 25. Rec1 dxc4 26. bxc4 bxc4 27. f3 Ba6 28. Kf2 f5 29. g3 Kf7 30. Nf1 Rb8 31. Ne3 Ke6 32. h3 h5 33. Ke2 Rb3 34. Kd2 Rd7+ 35. Ke2 Rd3 36. Rxd3 Rxd3 37. Nc2 c3 38. Kf2 Bc4 39. f4 a5 40. Re1+ Kd6 41. Ne3 Rd2+ 42. Kg1 Bd3 43. Rc1 c2 44. Kh1 Kc5 45. Kg1 Kd4 46. Nxc2+ Bxc2 47. Kf1 Rd1+ 48. Rxd1+ Bxd1 49. Ke1 Bb3 50. Kd2 a4 51. Ke2 Kc3 52. Ke3 Bc4 53. Kf3 Kb3 54. Ke3 Kxa3 55. Kd4 Bf1 56. h4 Kb2 57. Ke5 Bh3 58. Ke6 a3 59. Kf7 a2 60. Kxg7 a1Q 0-1